| 000 | 00732nam a2200229 a 4500 | ||
|---|---|---|---|
| 001 | 000029610 | ||
| 003 | DO-SdBNP | ||
| 005 | 20180313110821.0 | ||
| 007 | 000029610 | ||
| 008 | 110419s2005 dr a 000 0 spa d | ||
| 040 |
_aBPMET _bspa _cBPMET |
||
| 100 | 1 | _aGarcía Romero, Gladys Graciela | |
| 245 | 1 | 0 |
_aAprendo a convivir : _borientaciones pedagógicas / _cGladys Graciela García Romero. |
| 250 | _a4a ed. | ||
| 260 |
_aSanto Domingo : _bPUCAMM, _c2005 _fEditroa Búho |
||
| 300 |
_a22 p. : _bil. ; _c28 cm. |
||
| 710 | 2 | _aPontificia Universidad Católica Madre y Maestra | |
| 710 | 2 | _aConsorcio de Educación Cívica | |
| 942 |
_2ddc _cBK |
||
| 945 | _aInventariado, 2018/ YL | ||
| 956 |
_aVMATEO _b10 _c20110506 _lBPMSU _h0069 |
||
| 999 |
_c7278 _d7278 |
||